000
00226 a2200097 4500
001
59668
100
_a
245
_a
Fundamental methods of mathematical economics
260
_a
USA
_b
Mc Graw Hill
_c
2005
090
_c
36543
_d
36543
942
_a
NUST-CAE
_c
_c
29495
999
_c
294741
_d
294741